| 000 | 007570000a22002290004500 | ||
|---|---|---|---|
| 090 |
_aAR _b02552 |
||
| 245 | 1 | 0 | _aPhytophagy in the genus monitoriella (<Hymenoptera: Braconidae>) with description of new species |
| 650 | 1 | 4 |
_aEntomología _94483 |
| 650 | 1 | 4 |
_aPlagas _93536 |
| 650 | 1 | 4 |
_aNuevas especies _992905 |
| 650 | 1 | 4 |
_aSistemática _93510 |
| 651 | 4 |
_pMéxico _992749 |
|
| 651 | 4 |
_pCosta Rica _992749 |
|
| 653 |
_gMonitoriella _eMonitoriella elongata |
||
| 653 |
_gPhilodendron _ePhilodendron radiatum |
||
| 041 | 0 | _aInglés | |
| 700 | 1 |
_aHanson, Paul _993089 |
|
| 700 | 1 |
_aWharton, Robert _996031 |
|
| 100 | 1 |
_aInfante, Francisco _996032 |
|
| 942 | _cARTICULO | ||
| 773 | 1 |
_tAnnals of the Entomological Society of America _3694 _h4 _q406-415 _d1995 _g88 |
|
| 999 |
_c11616 _d11616 |
||